[Event "I Open Internacional 64 Villalba 2013"]
[Site "Collado Villalba ESP"]
[Date "2013.07.31"]
[Round "5.20"]
[White "Petru, Lucian Olimpiu"]
[Black "Mazo Fernandez, Roberto"]
[Result "1-0"]
[WhiteElo "1822"]
[BlackElo "1702"]
[PlyCount "117"]
[EventDate "2013.07.27"]
[EventType "swiss"]
[EventRounds "9"]
[EventCountry "ESP"]
[Source "lmi"]
[SourceDate "2013.07.27"]

1. d4 Nf6 2. Nc3 d5 3. f3 Bf5 4. g4 Bg6 5. h4 h6 6. Bf4 c6 7. e3 e6 8. h5 Bh7
9. Qd2 Nbd7 10. Bd3 Bxd3 11. Qxd3 c5 12. Nb5 Qa5+ 13. Nc3 cxd4 14. exd4 a6 15.
Nge2 Rc8 16. g5 hxg5 17. Bxg5 Rxh5 18. Rxh5 Nxh5 19. O-O-O Be7 20. Bd2 Qc7 21.
Rh1 g6 22. Kb1 b5 23. f4 Qc4 24. Qe3 b4 25. b3 Qc6 26. Na4 Qxc2+ 27. Ka1 Qe4
28. Qxe4 dxe4 29. Kb2 a5 30. Be3 f5 31. Rg1 Kf7 32. Kb1 Nhf6 33. Rh1 Kg7 34.
Nb2 Nd5 35. Bd2 N7b6 36. Nd1 Bd6 37. Kb2 Nd7 38. Ne3 Nxe3 39. Bxe3 Nf6 40. d5
exd5 41. Bd4 Kf7 42. Rh6 Rc6 43. Rh8 Bf8 44. Be5 Bd6 45. Nd4 Ra6 46. Kc2 Rb6
47. Kd2 Bxe5 48. fxe5 Kg7 49. Rd8 Ng4 50. Rxd5 f4 51. Rd7+ Kh6 52. e6 Nf6 53.
e7 Kg5 54. Rd8 Kg4 55. Rf8 Nd5 56. e8=Q e3+ 57. Kd3 Kg3 58. Ne2+ Kf2 59. Nxf4
1-0

[Event "I Open Internacional 64 Villalba 2013"]
[Site "Collado Villalba ESP"]
[Date "2013.08.01"]
[Round "6.1"]
[White "Bermejo Arruego, Luis"]
[Black "Martinez Ayesa, Aitor"]
[Result "0-1"]
[WhiteElo "2181"]
[BlackElo "1942"]
[PlyCount "114"]
[EventDate "2013.07.27"]
[EventType "swiss"]
[EventRounds "9"]
[EventCountry "ESP"]
[Source "lmi"]
[SourceDate "2013.07.27"]

1. d4 c5 2. c3 Nf6 3. Bf4 d5 4. e3 Qb6 5. Qc2 Nc6 6. Nd2 Bg4 7. h3 Bh5 8. Be2
Bg6 9. Qb3 c4 10. Qxb6 axb6 11. Ngf3 b5 12. O-O b4 13. cxb4 Nxb4 14. Ne5 e6 15.
Nxg6 hxg6 16. e4 Nc2 17. exd5 Nxd5 18. Be5 Nxa1 19. Rxa1 b5 20. b3 Nc3 21. Bf3
Rxa2 22. Rxa2 Nxa2 23. bxc4 bxc4 24. Nxc4 f6 25. Bc7 Kd7 26. Bb6 Nc3 27. Ba5
Nd5 28. Be4 g5 29. Ne3 Bb4 30. Bxd5 Bxa5 31. Bb3 Rb8 32. Ba4+ Kc7 33. d5 e5 34.
Nf5 Rb4 35. Be8 Kd8 36. Bc6 g6 37. Ng7 Ke7 38. Ne8 Rb1+ 39. Kh2 Bb4 40. f3 Rc1
41. Nc7 Bd6 42. Nb5 Bb8 43. g3 Rc2+ 44. Kg1 Rc4 45. Kf2 Rc2+ 46. Kg1 Bd6 47.
Nxd6 Kxd6 48. Be8 Kxd5 49. Bxg6 Rc8 50. Kf2 Kd4 51. h4 gxh4 52. gxh4 Rf8 53. h5
f5 54. Kg3 e4 55. Kf2 e3+ 56. Ke1 f4 57. h6 Ke5 0-1

[Event "I Open Internacional 64 Villalba 2013"]
[Site "Collado Villalba ESP"]
[Date "2013.08.01"]
[Round "6.2"]
[White "Fernandez-Gallardo Romero, Alv"]
[Black "Aziz Ortego, Omar Luis"]
[Result "1-0"]
[WhiteElo "1798"]
[BlackElo "2045"]
[PlyCount "93"]
[EventDate "2013.07.27"]
[EventType "swiss"]
[EventRounds "9"]
[EventCountry "ESP"]
[Source "lmi"]
[SourceDate "2013.07.27"]

1. e4 c5 2. Nf3 d6 3. d4 cxd4 4. Nxd4 Nf6 5. Nc3 g6 6. Be2 Bg7 7. Be3 Nc6 8. h3
O-O 9. Qd2 d5 10. Nxc6 bxc6 11. exd5 cxd5 12. Bf3 Bb7 13. Rd1 e6 14. Bc5 Re8
15. O-O Nd7 16. Ba3 Qb6 17. Be2 Rec8 18. Nb5 Nc5 19. c3 Ne4 20. Qe3 Qxe3 21.
fxe3 Bh6 22. Rf3 Rd8 23. Nd4 Rac8 24. Nb3 e5 25. Kh2 f5 26. h4 Nf6 27. Rh3 Rc7
28. Bb4 Rf7 29. c4 Ne4 30. Kg1 Kg7 31. Nc5 d4 32. Ne6+ Kf6 33. Nxd8 Rd7 34.
exd4 exd4 35. Nxb7 Rxb7 36. Ba3 Ke5 37. Bd3 Be3+ 38. Rxe3 dxe3 39. Bxe4 Kxe4
40. Kf1 f4 41. Ke2 Rf7 42. Rd8 h6 43. Rg8 Kf5 44. Rf8 Rxf8 45. Bxf8 g5 46. Bxh6
gxh4 47. Kf3 1-0

[Event "I Open Internacional 64 Villalba 2013"]
[Site "Collado Villalba ESP"]
[Date "2013.08.01"]
[Round "6.3"]
[White "Sanchez Gonzalez, Sergio"]
[Black "Blanco Samaniego, Alejandro"]
[Result "1-0"]
[WhiteElo "2304"]
[BlackElo "1724"]
[PlyCount "71"]
[EventDate "2013.07.27"]
[EventType "swiss"]
[EventRounds "9"]
[EventCountry "ESP"]
[Source "lmi"]
[SourceDate "2013.07.27"]

1. Nf3 c5 2. c4 g6 3. d4 cxd4 4. Nxd4 Nc6 5. e4 Bg7 6. Be3 Nf6 7. Nc3 O-O 8.
Be2 d6 9. O-O Bd7 10. Nc2 Rc8 11. f3 a6 12. Rc1 Ne5 13. Na3 Bc6 14. Qd2 Qa5 15.
Nd5 Qd8 16. b4 Bxd5 17. cxd5 b5 18. g4 Ned7 19. g5 Nh5 20. Rxc8 Qxc8 21. Rc1
Qb7 22. f4 Nb6 23. Rc6 Na4 24. Nb1 Rc8 25. Qc2 Bc3 26. Nxc3 Rxc6 27. dxc6 Qxc6
28. Bxh5 gxh5 29. Bd4 Qc4 30. Qd2 Qxb4 31. a3 Qxa3 32. Nd5 e6 33. Nf6+ Kf8 34.
e5 d5 35. Qc2 Kg7 36. Qxh7+ 1-0

[Event "I Open Internacional 64 Villalba 2013"]
[Site "Collado Villalba ESP"]
[Date "2013.08.01"]
[Round "6.4"]
[White "Arbunic Castro, Giovanna"]
[Black "Porras Fernandez, Alberto"]
[Result "1-0"]
[WhiteElo "2054"]
[BlackElo "1668"]
[PlyCount "57"]
[EventDate "2013.07.27"]
[EventType "swiss"]
[EventRounds "9"]
[EventCountry "ESP"]
[Source "lmi"]
[SourceDate "2013.07.27"]

1. d4 Nf6 2. c4 g6 3. Nc3 Bg7 4. e4 d6 5. Nf3 Nbd7 6. Be2 O-O 7. O-O e5 8. d5
Nc5 9. Qc2 a5 10. b3 Nh5 11. g3 f5 12. Nd2 f4 13. g4 Nf6 14. f3 h5 15. g5 Nh7
16. h4 Qd7 17. Rf2 Qh3 18. Rh2 Qg3+ 19. Kh1 Nxg5 20. Nf1 Nxf3 21. Nxg3 Nxh2 22.
Kxh2 fxg3+ 23. Kxg3 Bd7 24. Bg5 Rf7 25. Rf1 Raf8 26. Rxf7 Rxf7 27. Qd2 Kh7 28.
Bd1 b6 29. a3 1-0

[Event "I Open Internacional 64 Villalba 2013"]
[Site "Collado Villalba ESP"]
[Date "2013.08.01"]
[Round "6.5"]
[White "Perez Marco, Ricardo"]
[Black "Ruiz Sanchez, Roberto"]
[Result "1-0"]
[WhiteElo "2137"]
[BlackElo "1958"]
[PlyCount "67"]
[EventDate "2013.07.27"]
[EventType "swiss"]
[EventRounds "9"]
[EventCountry "ESP"]
[Source "lmi"]
[SourceDate "2013.07.27"]

1. e4 c6 2. d4 d5 3. exd5 cxd5 4. c4 Nf6 5. Nc3 e6 6. c5 Be7 7. Nf3 O-O 8. Bd3
Nc6 9. O-O b6 10. Bb5 Bd7 11. Bxc6 Bxc6 12. b4 Ne4 13. Nxe4 dxe4 14. Ne5 Bd5
15. Bb2 Rb8 16. Bc3 Qc7 17. a3 bxc5 18. bxc5 Rb3 19. Qc2 Rfb8 20. Rfb1 f6 21.
Ng4 Qb7 22. Rc1 Bd8 23. Bb4 Qc6 24. Qd2 Qa4 25. Qf4 e5 26. dxe5 Bc7 27. Qf5
fxe5 28. c6 a5 29. Be7 Qd4 30. Ne3 Qxa1 31. Rxa1 Rb1+ 32. Rxb1 Rxb1+ 33. Nf1
Bc4 34. Qf8# 1-0

[Event "I Open Internacional 64 Villalba 2013"]
[Site "Collado Villalba ESP"]
[Date "2013.08.01"]
[Round "6.6"]
[White "Lopez Del Alamo, Antonio"]
[Black "Tevar Sanz, Gonzalo"]
[Result "1-0"]
[WhiteElo "2275"]
[BlackElo "1829"]
[PlyCount "71"]
[EventDate "2013.07.27"]
[EventType "swiss"]
[EventRounds "9"]
[EventCountry "ESP"]
[Source "lmi"]
[SourceDate "2013.07.27"]

1. e4 e6 2. d3 d5 3. Nd2 c5 4. Ngf3 Nc6 5. g3 Nf6 6. Bg2 Bd6 7. O-O O-O 8. Re1
dxe4 9. dxe4 e5 10. Nc4 Bc7 11. Qxd8 Rxd8 12. Bg5 Bg4 13. c3 Bxf3 14. Bxf3 b5
15. Ne3 Rd7 16. Nd5 Bd8 17. Rad1 Nxd5 18. exd5 Na5 19. d6 Rb8 20. Bxd8 Rbxd8
21. Rxe5 Nc4 22. Rxc5 Rxd6 23. Rxd6 Nxd6 24. Rd5 Kf8 25. Kf1 Ke7 26. Ke2 Ke6
27. Kd3 Rc8 28. b3 f6 29. Bg2 g6 30. f4 f5 31. Re5+ Kf6 32. Bd5 Rd8 33. Re6+
Kg7 34. Re7+ Kf6 35. Rxa7 Ne4 36. Rf7# 1-0

[Event "I Open Internacional 64 Villalba 2013"]
[Site "Collado Villalba ESP"]
[Date "2013.08.01"]
[Round "6.7"]
[White "Villanueva Arguinberri, Bruno"]
[Black "Serrano Garcia, Vicente"]
[Result "1-0"]
[WhiteElo "1961"]
[BlackElo "1806"]
[PlyCount "81"]
[EventDate "2013.07.27"]
[EventType "swiss"]
[EventRounds "9"]
[EventCountry "ESP"]
[Source "lmi"]
[SourceDate "2013.07.27"]

1. d4 Nf6 2. Nf3 g6 3. g3 Bg7 4. Bg2 O-O 5. O-O d6 6. a4 c5 7. c3 cxd4 8. cxd4
Nc6 9. Nbd2 e5 10. dxe5 dxe5 11. e4 h6 12. b3 Be6 13. Ba3 Re8 14. Qe2 Nd4 15.
Nxd4 Qxd4 16. Nc4 Bxc4 17. bxc4 Rac8 18. Rac1 Qd7 19. Qc2 Bf8 20. Bxf8 Kxf8 21.
Kh1 Rc5 22. f4 Qc7 23. Qf2 exf4 24. Qd4 Qe5 25. Qxe5 Rcxe5 26. gxf4 Rc5 27. e5
Nd7 28. Bxb7 Nb6 29. Ba6 Nxa4 30. Bb5 Nb6 31. Bxe8 Kxe8 32. Rf2 Kd7 33. Rd2+
Ke6 34. Rd6+ Kf5 35. Rf6+ Ke4 36. Rxf7 a5 37. Re1+ Kf3 38. e6 Nxc4 39. e7 Nd6
40. Rf8 Kf2 41. e8=Q 1-0

[Event "I Open Internacional 64 Villalba 2013"]
[Site "Collado Villalba ESP"]
[Date "2013.08.01"]
[Round "6.8"]
[White "Martinez Montalvo, Eduardo"]
[Black "Olias Munoz, Francisco"]
[Result "1-0"]
[WhiteElo "1758"]
[BlackElo "1958"]
[PlyCount "69"]
[EventDate "2013.07.27"]
[EventType "swiss"]
[EventRounds "9"]
[EventCountry "ESP"]
[Source "lmi"]
[SourceDate "2013.07.27"]

1. e4 c5 2. b3 d6 3. Bb2 Nf6 4. Bb5+ Bd7 5. Bxd7+ Qxd7 6. d3 Nc6 7. f4 e6 8.
Nf3 Be7 9. O-O O-O-O 10. Nbd2 d5 11. Qe2 d4 12. Nc4 Qc7 13. Bc1 Rdf8 14. Bd2 h6
15. a3 g5 16. b4 gxf4 17. b5 Nd8 18. b6 axb6 19. Rab1 Ng4 20. Nxd4 cxd4 21.
Nxb6+ Qxb6 22. Rxb6 Ne3 23. Rxf4 Bg5 24. Bxe3 dxe3 25. Rf1 f5 26. h4 Bxh4 27.
Qxe3 Be7 28. exf5 Kc7 29. Rb3 Bg5 30. Qb6+ Kb8 31. Qd6+ Ka8 32. Rb5 Be3+ 33.
Kh1 Rxf5 34. Rfxf5 exf5 35. Qe5 1-0

[Event "I Open Internacional 64 Villalba 2013"]
[Site "Collado Villalba ESP"]
[Date "2013.08.01"]
[Round "6.9"]
[White "Herreros Ruiz, Jorge Alejandro"]
[Black "Sotoca Aguado, Jose"]
[Result "0-1"]
[WhiteElo "1461"]
[BlackElo "1928"]
[PlyCount "84"]
[EventDate "2013.07.27"]
[EventType "swiss"]
[EventRounds "9"]
[EventCountry "ESP"]
[Source "lmi"]
[SourceDate "2013.07.27"]

1. d4 Nf6 2. c4 e6 3. Nf3 b6 4. Nc3 Bb7 5. e3 Bb4 6. Bd2 O-O 7. Bd3 d6 8. O-O
Bxc3 9. Bxc3 Ne4 10. Rc1 Nd7 11. Bxe4 Bxe4 12. d5 e5 13. b4 Qf6 14. Kh1 Qh6 15.
Nd2 Nf6 16. Nxe4 Nxe4 17. Qc2 f5 18. Bd2 Rf6 19. Kg1 Rg6 20. f3 Qg5 21. Be1
Qxe3+ 22. Bf2 Nxf2 23. Qxf2 Qa3 24. Rb1 a5 25. Rb3 Qa4 26. Ra1 Rf6 27. Qd2 axb4
28. Qxb4 Rff8 29. Qxa4 Rxa4 30. Rc3 Rb4 31. Rc2 Ra8 32. Kf2 Kf7 33. Ke3 Kf6 34.
Rac1 Ra3+ 35. Ke2 Rba4 36. Ra1 g5 37. h3 e4 38. fxe4 fxe4 39. Kd2 Ke5 40. Kc1
Rb4 41. Kd2 Kd4 42. Rac1 Raa4 0-1

[Event "I Open Internacional 64 Villalba 2013"]
[Site "Collado Villalba ESP"]
[Date "2013.08.01"]
[Round "6.10"]
[White "Ballina Amandi, Casimiro"]
[Black "Picazo Sancho, Alvaro"]
[Result "1-0"]
[WhiteElo "1888"]
[BlackElo "1521"]
[PlyCount "85"]
[EventDate "2013.07.27"]
[EventType "swiss"]
[EventRounds "9"]
[EventCountry "ESP"]
[Source "lmi"]
[SourceDate "2013.07.27"]

1. e4 c5 2. Nf3 Nc6 3. Bb5 Qc7 4. Nc3 e6 5. O-O a6 6. Be2 Nf6 7. d3 Be7 8. Bg5
O-O 9. a4 d6 10. Re1 Bd7 11. Qd2 Rac8 12. Bd1 Rfe8 13. Ne2 e5 14. h3 Be6 15. c4
Qb6 16. Nc3 Nb4 17. Bxf6 Bxf6 18. Nd5 Nxd5 19. cxd5 Bd7 20. Qc3 h6 21. Nd2 Qc7
22. Bg4 Bxg4 23. hxg4 Qd7 24. Nc4 Bd8 25. b3 Bc7 26. Ne3 Ra8 27. Nf5 b5 28. g3
Bb6 29. Qd2 Bc7 30. Kg2 Qd8 31. Rh1 Qg5 32. Qe2 b4 33. Rh5 Qf6 34. Rah1 Kf8 35.
Rxh6 gxh6 36. Rxh6 Qxh6 37. Nxh6 Re7 38. Nf5 Rd7 39. Qe3 Rdd8 40. Qg5 Rdc8 41.
Qg7+ Ke8 42. Qg8+ Kd7 43. Qxf7+ 1-0

[Event "I Open Internacional 64 Villalba 2013"]
[Site "Collado Villalba ESP"]
[Date "2013.08.01"]
[Round "6.11"]
[White "Gonzalez Mateos, Rafael"]
[Black "Cabrera Jimenez, Julio"]
[Result "1-0"]
[WhiteElo "2053"]
[BlackElo "1851"]
[PlyCount "139"]
[EventDate "2013.07.27"]
[EventType "swiss"]
[EventRounds "9"]
[EventCountry "ESP"]
[Source "lmi"]
[SourceDate "2013.07.27"]

1. d4 d5 2. c3 Nc6 3. Bf4 Bf5 4. Qb3 Rb8 5. e3 e6 6. Nf3 h6 7. Bb5 a6 8. Bxc6+
bxc6 9. Qa4 Rb6 10. O-O Bd6 11. b4 Bxf4 12. exf4 Ne7 13. Nbd2 O-O 14. a3 Ng6
15. g3 Qd7 16. Rfe1 Ra8 17. Nb3 Qd6 18. Ne5 Nxe5 19. fxe5 Qe7 20. Na5 Qd7 21.
Rac1 Bd3 22. Red1 Be4 23. Rd2 Qe7 24. Re1 Qg5 25. f4 Qg4 26. Rf2 h5 27. Qd1 Qh3
28. Re3 g6 29. Qf1 Qg4 30. Qe2 Qh3 31. c4 Kg7 32. c5 Rbb8 33. Nxc6 Rh8 34. Na5
Bf5 35. Qf1 Qg4 36. h4 Be4 37. Kh2 Bf5 38. Qe2 Qh3+ 39. Kg1 Be4 40. Rh2 Qf5 41.
Nb3 f6 42. Nd2 fxe5 43. dxe5 Bc2 44. Nf3 Ba4 45. Qd3 Qf8 46. Nd4 Qe8 47. Rf2
Rf8 48. Ref3 c6 49. Kh2 a5 50. Rb2 Rf7 51. Qb1 Rb7 52. bxa5 Rxb2+ 53. Qxb2 Rxa5
54. Qb7+ Kh6 55. Qc7 Rxc5 56. Qd6 Rc1 57. Nxe6 Bd1 58. Rf2 Ra1 59. f5 Bg4 60.
Nd4 Re1 61. f6 Qf7 62. Nxc6 Bf5 63. Rxf5 gxf5 64. Qb4 Re2+ 65. Kg1 Kh7 66. a4
Rc2 67. Qe7 Kg6 68. Nd8 Rc7 69. Qxf7+ Rxf7 70. Nxf7 1-0

[Event "I Open Internacional 64 Villalba 2013"]
[Site "Collado Villalba ESP"]
[Date "2013.08.01"]
[Round "6.12"]
[White "Julian Serra, Rogelio"]
[Black "Tolosana Esteban, Enrique"]
[Result "1-0"]
[WhiteElo "2012"]
[BlackElo "1767"]
[PlyCount "61"]
[EventDate "2013.07.27"]
[EventType "swiss"]
[EventRounds "9"]
[EventCountry "ESP"]
[Source "lmi"]
[SourceDate "2013.07.27"]

1. g3 c5 2. Bg2 Nf6 3. c4 g6 4. Nf3 Bg7 5. O-O O-O 6. d4 cxd4 7. Nxd4 Nc6 8.
Nc3 Nxd4 9. Qxd4 d6 10. Qd3 Nd7 11. Nd5 Nb6 12. Ne3 Rb8 13. Rb1 Na4 14. b4 a6
15. Nc2 b5 16. cxb5 Qb6 17. Be3 Qxb5 18. Qxb5 axb5 19. Nd4 Nc3 20. Rb2 d5 21.
Rc2 e5 22. Nc6 Rb7 23. Bc5 e4 24. Bxf8 Kxf8 25. e3 Bf5 26. Rfc1 d4 27. Nxd4 Nd5
28. a3 Bh6 29. Rc5 Nxe3 30. Nxf5 Nxf5 31. Re1 1-0

[Event "I Open Internacional 64 Villalba 2013"]
[Site "Collado Villalba ESP"]
[Date "2013.08.01"]
[Round "6.13"]
[White "Petru, Lucian Olimpiu"]
[Black "Cano Cabanillas, Javier"]
[Result "0-1"]
[WhiteElo "1822"]
[BlackElo "1991"]
[PlyCount "94"]
[EventDate "2013.07.27"]
[EventType "swiss"]
[EventRounds "9"]
[EventCountry "ESP"]
[Source "lmi"]
[SourceDate "2013.07.27"]

1. d4 Nf6 2. Nc3 d5 3. e4 dxe4 4. f3 exf3 5. Qxf3 Nc6 6. Bb5 Bd7 7. Be3 a6 8.
Bc4 e5 9. Nge2 exd4 10. Bxd4 Bg4 11. Qe3+ Qe7 12. Qf4 Bxe2 13. Bxf6 gxf6 14.
Bxe2 O-O-O 15. O-O Qc5+ 16. Kh1 Be7 17. Bd3 Kb8 18. Rae1 Qh5 19. Be2 Qg6 20.
Bd3 Qg7 21. Ne4 Rhg8 22. Rf2 Ne5 23. Bf1 Ng6 24. Qe3 Rge8 25. Qb3 Ka8 26. Rfe2
Qf8 27. g3 f5 28. Nc3 Bc5 29. Bg2 c6 30. Qc4 Rxe2 31. Rxe2 Rd4 32. Qb3 Qd6 33.
Re1 Qd7 34. a3 f4 35. gxf4 Nxf4 36. Bf3 Ne6 37. Ne4 Ba7 38. Qc3 Bb8 39. Qe3 Qc7
40. Ng3 Rh4 41. Nf1 Rxh2+ 42. Kg1 Ba7 43. Nxh2 Qg3+ 44. Kh1 Bxe3 45. Rxe3 Nd4
46. Rc3 Qf2 47. Bg2 Ne2 0-1

[Event "I Open Internacional 64 Villalba 2013"]
[Site "Collado Villalba ESP"]
[Date "2013.08.01"]
[Round "6.14"]
[White "Enfedaque Jimenez, Juan Carlos"]
[Black "Sanchez Alvarez, Jorge"]
[Result "1-0"]
[WhiteElo "1766"]
[BlackElo "1987"]
[PlyCount "37"]
[EventDate "2013.07.27"]
[EventType "swiss"]
[EventRounds "9"]
[EventCountry "ESP"]
[Source "lmi"]
[SourceDate "2013.07.27"]

1. e4 e5 2. Nf3 Nc6 3. d4 exd4 4. Bc4 Be7 5. c3 dxc3 6. Qd5 Nh6 7. Bxh6 O-O 8.
Nxc3 gxh6 9. Qh5 Kg7 10. h4 Qe8 11. Nd5 Bb4+ 12. Kf1 Qxe4 13. Rh3 Qxc4+ 14. Kg1
f5 15. Rg3+ Kh8 16. Qxh6 Rf7 17. Nf6 Ne7 18. Qg5 Ng6 19. Ne5 1-0

[Event "I Open Internacional 64 Villalba 2013"]
[Site "Collado Villalba ESP"]
[Date "2013.08.01"]
[Round "6.15"]
[White "Serrano Herreros, Victor"]
[Black "Fernandez Aransay, Fernando"]
[Result "1-0"]
[WhiteElo "1701"]
[BlackElo "1889"]
[PlyCount "94"]
[EventDate "2013.07.27"]
[EventType "swiss"]
[EventRounds "9"]
[EventCountry "ESP"]
[Source "lmi"]
[SourceDate "2013.07.27"]

1. d4 d5 2. c4 e6 3. Nc3 Nf6 4. Bg5 Be7 5. Nf3 b6 6. e3 Bb7 7. Rc1 O-O 8. cxd5
exd5 9. Be2 Nbd7 10. O-O c5 11. Re1 Rc8 12. Qa4 a6 13. a3 b5 14. Qb3 c4 15. Qc2
Re8 16. Qf5 g6 17. Qh3 Ne4 18. Bxe7 Qxe7 19. Nxe4 dxe4 20. Nd2 Nf6 21. Qh4 Bd5
22. Nb1 Kg7 23. Nc3 Bc6 24. Red1 Bd5 25. Qg5 Rcd8 26. h4 h6 27. Qg3 Qd6 28. Rf1
Qd7 29. Qf4 a5 30. g4 b4 31. axb4 axb4 32. g5 hxg5 33. hxg5 Nh7 34. Nxd5 Qxd5
35. Bxc4 Nxg5 36. Kg2 Qf5 37. Qxf5 gxf5 38. b3 Kf6 39. Rh1 Rg8 40. Kf1 Nf3 41.
Ke2 Ra8 42. Ra1 Ra3 43. Rh6+ Ke7 44. Ra6 Rxa6 45. Rxa6 Rg1 46. Ra7+ Kf6 47.
Rxf7+ Kg6 1-0